PG. TH. OF PEDIATRICS 3 VOLUME SET (Record no. 23186)
[ view plain ]
| 000 -LEADER | |
|---|---|
| fixed length control field | 00383nam a22001577a 4500 |
| 003 - CONTROL NUMBER IDENTIFIER | |
| control field | SGT |
| 020 ## - INTERNATIONAL STANDARD BOOK NUMBER | |
| International Standard Book Number | 9789354651212 |
| 082 ## - DEWEY DECIMAL CLASSIFICATION NUMBER | |
| Classification number | 618.92 |
| Item number | P22G |
| 100 ## - MAIN ENTRY--PERSONAL NAME | |
| Personal name | GUPTA, PIYUSH |
| 245 ## - TITLE STATEMENT | |
| Title | PG. TH. OF PEDIATRICS 3 VOLUME SET |
| 260 ## - PUBLICATION, DISTRIBUTION, ETC. (IMPRINT) | |
| Place of publication, distribution, etc | INDIA |
| Name of publisher, distributor, etc | JAYPEE PUB |
| Year of Publication | 2022 |
| 300 ## - PAGE DESCRIPTION | |
| No. of Pages | 1218 ,2478,3639 |
| 650 ## - SUBJECT ADDED ENTRY--TOPICAL TERM | |
| Topical term or geographic name as entry element | PEDIATRICS |
| 653 ## - KEYWORDS--INDEX TERM | |
| Keyword term | PG. TH. OF PEDIATRICS VOL.-1 |
| 942 ## - ADDED ENTRY ELEMENTS (KOHA) | |
| Source of classification or shelving scheme | Dewey Decimal Classification |
| Koha item type | Books |
| 942 ## - ADDED ENTRY ELEMENTS (KOHA) | |
| -- | 5 |
| Withdrawn status | Lost status | Source of classification or shelving scheme | Damaged status | Not for loan | Collection code | Home library | Current library | Shelving location | Date acquired | Vendor Name | Cost, normal purchase price | Volume Information (Serial or Books or Non-Book Material) | SGTU | Bill Number | Total Checkouts | Full call number | Accession No. (Barcode) | Date last seen | Bill Date | Koha item type | Date last borrowed |
|---|---|---|---|---|---|---|---|---|---|---|---|---|---|---|---|---|---|---|---|---|---|
| Dewey Decimal Classification | Not For Loan | MEDICAL | SGT Medical Library | SGT Medical Library | Reference Book | 29/08/2022 | ABC DELHI | 7995.00 | VOL-1 | SGTU | 14699 | 618.92 P22G | FM13029 | 29/08/2022 | 30/06/2022 | Books | |||||
| Dewey Decimal Classification | MEDICAL | SGT Medical Library | SGT Medical Library | Reference Book | 29/08/2022 | ABC DELHI | 7995.00 | VOL-1 | SGTU | 14699 | 4 | 618.92 P22G | FM13030 | 23/11/2024 | 30/06/2022 | Books | 23/11/2024 | ||||
| Dewey Decimal Classification | MEDICAL | SGT Medical Library | SGT Medical Library | Reference Book | 29/08/2022 | ABC DELHI | VOL-2 | SGTU | 14699 | 1 | 618.92 P22G | FM13031 | 24/11/2022 | 30/06/2022 | Books | 07/11/2022 | |||||
| Dewey Decimal Classification | Not For Loan | MEDICAL | SGT Medical Library | SGT Medical Library | Reference Book | 29/08/2022 | ABC DELHI | VOL-2 | SGTU | 14699 | 618.92 P22G | FM13032 | 29/08/2022 | 30/06/2022 | Books | ||||||
| Dewey Decimal Classification | Not For Loan | MEDICAL | SGT Medical Library | SGT Medical Library | Reference Book | 29/08/2022 | ABC DELHI | VOL-3 | SGTU | 14699 | 618.92 P22G | FM13033 | 29/08/2022 | 30/06/2022 | Books | ||||||
| Dewey Decimal Classification | Not For Loan | MEDICAL | SGT Medical Library | SGT Medical Library | Reference Book | 29/08/2022 | ABC DELHI | VOL-3 | SGTU | 14699 | 618.92 P22G | FM13034 | 29/08/2022 | 30/06/2022 | Books |